000 01114nam0a22002771 4500
001 RU\NLR\INFOCOMM19\ROSSICA\1000001056
005 20250613193747.0
035 _a(NLR Aleph) 009979365
090 _a9687225
_c9687225
100 _a20030923d1844 |||y0rusy50 ca
101 0 _ager
102 _aRU
105 _ay ||||000ay
200 1 _aNotiz über funfzehn neue Ausgrabungen kufischer Münzen in Russland, als Ergänzung zu Ch.M.Fraehn's Topographischer Uebersicht der Ausgrabungen von altem arabischen Gelde in Russland
_fPaul Saweljeff
210 _aSt.Petersburg
_d1844
215 _d
422 0 _12001#$aTopographischer Uebersicht der Ausgrabungen von altem arabischen Gelde in Russland
_1700#1$aFraehn$bCh.M.
_tTopographischer Uebersicht der Ausgrabungen von altem arabischen Gelde in Russland
_aFraehn, Ch.M.
700 1 _9z01790
_aSaveljev
_bP.S.
_f1814-1859
_gPavel Stepanovič
_4070
790 1 _9z01700
_aSaweljeff
_bP.
_gPaul
_4070
801 1 _aRU
_bInfoComm
_c20030923
801 0 _aRU
_bNLR
_gPSBO
852 _aNLR
_j12.43.2.1972
942 _cBOOK
980 _aNB
980 _aRossica